01003nam a2200253 450000100060000000300110000600500170001700800410003403500190007504000430009404100080013708200290014510000320017424500690020626000610027530000250033649000520036165100390041365100450045283000770049794200120057499900170058695201460060342053(BD-RJUL) 20211209053503.0160609s1964 us 000 0 eng d a(BD-RJUL)42171 aWSUdOCLdEUXd(BD-RJUL)bengcBD-RjUL aeng 223 a327.669 bPHD 1964 1 aPhillips, Claude S.912929314aThe development of Nigerian foreign policy /cClaude S. Phillips a[Evanston, Ill.] :bNorthwestern University Press,c1964 axii, 154 p. ;c23 cm1 aAfrican studies / Northwestern University ;v13 0aNigeriaxForeign relations9129294 0aNigeriaxPolitics and government9125205 0aAfrican studies (Northwestern University (Evanston, Ill.)) ;v139129295 2ddccBK c42053d42053 00102ddc40708NFICaRUCLbRUCLcStackd1970-11-21eSwets zeitlingerg57.00l0o327.669 PHD 1964r2016-06-09 00:00:00tC-2w2016-06-09yBK